000 00631nam a2200217Ia 4500
005 20250508164654.0
008 008 250505s9999 xx 000 0 hin d
020 _a978-81-89868-27-7
037 _aTextual
040 _aFEDL
_beng
_cFEDL
041 _ahin
_2eng
084 _aB, SME
_qFEDL
100 _aSwarankanta Tr.
_9778824
245 0 _aDharati ki beti: Agnes Smedely ki aatmakatha (Daughter of earth)
260 _aMeerut India
_bSamvad Prakashan
_c2008
300 _a335p.
365 _aINR
_b400
650 _aBiography - Agnes Smedely
_9778825
942 _cTEXL
_hB, SME
999 _c1390473
_d1390473